| 000 | 00555nam a2200157 4500 | ||
|---|---|---|---|
| 001 | 116676 | ||
| 003 | ES-MaACL | ||
| 005 | 20230906190740.0 | ||
| 007 | t| | ||
| 008 | 061121s1999 sp r ||||1| spa d | ||
| 100 | 1 |
_aOts Capdequí, José María. _987937 |
|
| 245 | 1 | 0 |
_aD. Manuel Josef de Ayala y la historia de nuestra legislación de Indias _b: valor de la recopilación de 1680. |
| 260 |
_a[s.l.] : _b[s.n.], _c[1920?] |
||
| 500 | _aReprinted from the Hispanic American Historical Review, vol. III, nº 3, august 1920. | ||
| 852 |
_aES-MaACL _j1597-F-2 |
||
| 999 |
_c116676 _d116676 |
||